000 02027nam a22002657a 4500
003 DO-SlITS
005 20260207064115.0
007 ta
008 260206b20242026RD acdofri||||||1|||spa|d
040 _aDO-SlITS
_bspa
_cDO-SlITS
_drda
041 _aspa
082 _aPF-TSDG 741.6 R175d 2024 e.1
_223
100 _922030
_aRamírez, Ana
_d2021-1535
_eSustentante
245 _aDiseño de identidad y materiales para evento solidario a la persona con trastorno del espectro autista (TEA) /
_cAna Ramírez, Rosangie Mella. [Asesora: Leocadia Báez]
264 _aSanto Domingo Este, República Dominicana :
_bInstituto Técnico Superior Comunitario (ITSC). Vicerrectoría Académica. Área de Artes ;
_c2024
300 _a87 hojas :
_bilustraciones, gráficas, fotografía ;
_c28 x 22 cm.
336 _atexto
_btxt
_2rdacontent
337 _ainformático
_bc
_2rdamedia
502 _aProyecto final para optar por el título: Técnico Superior en Diseño Gráfico.
_cInstituto Técnico Superior Comunitario (ITSC). Santo Domingo Este, República Dominicana,
_d2024.
504 _aContiene referencias bibliográficas hoja: (81)
505 _aTabla de contenido / Dedicatoria / Agradecimiento / Agradecimiento / Introducción / Delimitación del tema de investigación / Planeamiento del problema / Justificación / Objetivos / Objetivos general / Objetivos específicos/ Marco conceptual / Condiciones y discapacidades /Termino importante / Trastorno mentales / Colores en representación de los trastorno / Diseño gráfico / Identidad visual / Teoría del color / El Diseño gráfico en planificación de evento / Marco contextual / Los distintito tipo de autismo / El autismo en la Republica Dominicana / Evento dedicado al apoyo de persona con trastorno psicológico / Síntesis de evento a proponer / Propuesta / Desarrollo de propuesta / Conclusiones / Referencia / Anexos /
700 _922031
_aMella, Rosangie
_d2020-1510
_eSustentante
700 1 _aBáez, Leocadia,
_eDocente
_eAsesora
_916659
942 _2ddc
_cPF
999 _c9545
_d9545